2026 New York Yankees Opening Day Roster - Statistics

General Stats
  • This quiz has been taken 150 times
  • The average score is 13 of 26
Answer Stats
# Answer % Correct
99 Aaron Judge
99%
54 Max Fried
76%
35 Cody Bellinger
75%
27 Giancarlo Stanton
70%
13 Jazz Chisholm Jr.
69%
12 Trent Grisham
69%
22 Ben Rice
68%
72 José Caballero
64%
48 Paul Goldschmidt
63%
28 Austin Wells
62%
53 David Bednar
57%
19 Ryan McMahon
56%
29 Will Warren
55%
31 Cam Schlittler
52%
40 Ryan Weathers
49%
14 Amed Rosario
47%
25 J.C. Escarra
47%
41 Tim Hill
42%
75 Camilo Doval
39%
63 Fernando Cruz
36%
59 Jake Bird
28%
34 Randal Grichuk
28%
58 Paul Blackburn
25%
47 Brent Headrick
22%
33 Ryan Yarbrough
19%
39 Cade Winquest
16%
No matching quizzes found
Score Distribution
Percent of People with Each Score
Percentile by Number Answered
Your Score History
You have not taken this quiz